Obálka Náhled e-knihy:
Epub
Pro půjčování e-knih musíte být přihlášeni.
Jak si půjčit online?

The Dryad /

Here we are in Paris, where we will visit the exhibition. On the square next to our hotel, we are planting a tree that will shelter a dryad. This dryad, when its tree lived in the forest, could only think of Paris, the city that lit up the clouds at night. With the arrival of the chestnut tree in Pa...

Celý popis

Uloženo v:
Hlavní autor: Andersen, Hans Christian (Autor)
Médium: E-kniha
Jazyk:Czech
Vydáno: Praha : Saga Egmont, 2021
Tagy:
Žádné tagy
LEADER 01273nam a22002297i 4500
001 301556
007 ta
008 260501s2021 xr ||||| |||| 00| 0 cze d
020 |a 9990003832603 
044 |a xr 
100 1 |a  Andersen, Hans Christian  |4 aut 
245 1 0 |a The Dryad /  |c  Andersen, Hans Christian 
264 1 |a Praha :  |b Saga Egmont,  |c 2021 
300 |a 1 online zdroj (20 stran) 
336 |a text  |b txt  |2 rdacontent 
337 |a bez média  |b n  |2 rdamedia 
338 |a online zdroj  |b cr  |2 rdacarrier 
520 2 |a Here we are in Paris, where we will visit the exhibition. On the square next to our hotel, we are planting a tree that will shelter a dryad. This dryad, when its tree lived in the forest, could only think of Paris, the city that lit up the clouds at night. With the arrival of the chestnut tree in Paris, its greatest dream came true. But will this dream lead to its downfall? 
910 |a RBIT002 
998 |d 383260  |a https://core.palmknihy.cz/api/books/383260/cover?teb7dt  |b https://core.palmknihy.cz/api/books/383260/cover/400?teb7dt  |c https://core.palmknihy.cz/api/books/383260/cover/50?teb7dt  |e   |g 20  |i 9990003832603  |j https://core.palmknihy.cz/api/books/383260/preview.epub  |l   |q 49  |r 1  |s https://www.palmknihy.cz/kniha/383260  |t ebook  |y 2021  |z 1 
999 |d 301554